Loading...
History - American History | 1 | 2 | 1 | 1 | 30 | 54 | 91.33 | 1 | 2 |
History - Other History | 1 | 1 | 0 | 0 | 25 | 72 | 86.00 | 0 | 2 |
Social Science | 0 | 2 | 2 | 0 | 10 | 113 | 122.50 | 0 | 1 |
Literature - American Literature | 0 | 1 | 0 | 0 | 10 | 128 | 128.00 | 0 | 0 |
Literature - British Literature | 0 | 1 | 0 | 0 | 10 | 86 | 86.00 | 0 | 1 |
Beliefs | 0 | 1 | 1 | 0 | 5 | 134 | 134.00 | 0 | 0 |
Science - Other Science | 0 | 0 | 0 | 0 | 0 | 0.00 | 0 | 0 | |
Fine Arts - Other Arts | 0 | 0 | 0 | 0 | 0 | 0.00 | 0 | 0 | |
Current Events | 0 | 0 | 2 | 0 | -10 | 0.00 | 0 | 0 | |
History - World History | 0 | 1 | 4 | 0 | -10 | 92 | 92.00 | 0 | 1 |
History - European History | 0 | 1 | 4 | 0 | -10 | 119 | 119.00 | 0 | 1 |